महारानी कैकेयी / (Record no. 116185)

MARC details
000 -LEADER
fixed length control field 00996nam a22002777a 4500
003 - CONTROL NUMBER IDENTIFIER
control field dpl
005 - DATE AND TIME OF LATEST TRANSACTION
control field 20180720121707.0
008 - FIXED-LENGTH DATA ELEMENTS--GENERAL INFORMATION
fixed length control field 180720b xxu||||| |||| 00| 0 eng d
010 ## - LIBRARY OF CONGRESS CONTROL NUMBER
LC control number A-579617
020 ## - INTERNATIONAL STANDARD BOOK NUMBER
Terms of availability 45.00
035 ## - SYSTEM CONTROL NUMBER
System control number A-579617, A-579621
037 ## - SOURCE OF ACQUISITION
Source of stock number/acquisition Cen Lib/Ret
040 ## - CATALOGING SOURCE
Original cataloging agency DPL
Language of cataloging HN
Transcribing agency 0
082 ## - DEWEY DECIMAL CLASSIFICATION NUMBER
Classification number
Item number विनय
100 ## - MAIN ENTRY--PERSONAL NAME
Personal name विनय
9 (RLIN) 41420
245 ## - TITLE STATEMENT
Title महारानी कैकेयी /
Statement of responsibility, etc विनय
246 ## - VARYING FORM OF TITLE
Title proper/short title Maharani kaikeyi /
Remainder of title by Vinya
260 ## - PUBLICATION, DISTRIBUTION, ETC. (IMPRINT)
Place of publication, distribution, etc दिल्ली
Name of publisher, distributor, etc साहित्य मंदिर
Date of publication, distribution, etc 1991
270 ## - ADDRESS
City दिल्ली
Address 2619-20 न्यू मार्किट, नयी सड़क
Postal code 110006
300 ## - PHYSICAL DESCRIPTION
Extent 135पृ.
Dimensions 16सेमी (सजिल्द)
650 ## - SUBJECT ADDED ENTRY--TOPICAL TERM
Topical term or geographic name as entry element हिंदी साहित्य
9 (RLIN) 65242
650 ## - SUBJECT ADDED ENTRY--TOPICAL TERM
Topical term or geographic name as entry element हिंदी उपन्यास
9 (RLIN) 65243
650 ## - SUBJECT ADDED ENTRY--TOPICAL TERM
Topical term or geographic name as entry element Hindi literature
9 (RLIN) 65244
650 ## - SUBJECT ADDED ENTRY--TOPICAL TERM
Topical term or geographic name as entry element Hindi fiction
9 (RLIN) 27248
942 ## - ADDED ENTRY ELEMENTS (KOHA)
Source of classification or shelving scheme Dewey Decimal Classification
Koha item type Hindi Books
Classification part
Call number suffix विनय
Holdings
Withdrawn status Lost status Damaged status Not for loan Home library Current library Date acquired Source of acquisition Cost, normal purchase price Total Checkouts Full call number Barcode Date last seen Copy number Cost, replacement price Price effective from Koha item type Source of classification or shelving scheme Collection code
        Central Library Central Library 22/08/2015 Cen Lib/Ref 45.00   उ विनय A-579617 22/08/2015 1 45.00 22/08/2015 Hindi Books    
        Shahdara Branch Shahdara Branch 20/07/2018 BPPD/PUB 45.00   उ विनय A-579621 20/07/2018   45.00 20/07/2018 Hindi Books Dewey Decimal Classification Fiction

© Delhi Public Library
Hit Counter
free hit counter